000 00690nam a2200241 i 4500
001 C2-0310189
003 PPAK
005 20180728101432.0
008 110612s2008 io |||| ||||| | may d
020 _a9799791661140
040 _aPPAK
_beng
_cPPAK
_erda
082 0 4 _a297.1229
_223
090 0 0 _a297.1229
_bJAW
_dKMI
100 1 _aJawas, Yazid bin Abdul Qadir,
_eauthor
245 1 0 _aAyat kursi :
_bkeutamaan, tafsir dan fawaa-idnya
264 1 _aJawa, Indonesia :
_bPustaka At-Taqwa ,
_c2008
300 _a96 pages ;
_c19 cm
336 _2rdacontent
_atext
337 _2rdamedia
_aunmediated
338 _2rdacarrier
_avolume
650 1 0 _aKoran - Hermeneutic
942 _ddc
_cB
999 _c112677
_d112677